Dvakrát meraj a raz rež

Riziká a problémy návrhu dôchodkovej reformy. Náklady a poplatky v kapitalizačných systémoch. Priemerné ročné reálne výnosy akcií a štátnych dlhopisov na trhoch vyspelých krajín /1900-2000/. Priemerné ročné reálne výnosy akcií na významných trhoch /1950-1995/. Priemerný ročný rast reálnych miezd v n...

Ausführliche Beschreibung

Gespeichert in:
Bibliographische Detailangaben
1. Verfasser: Thomay, Martin
Format: Buchkapitel
Sprache:Slowakisch
Schlagworte:
Tags: Tag hinzufügen
Keine Tags, Fügen Sie das erste Tag hinzu!

MARC

LEADER 00000naa a2200000 4500
001 r048906
005 20230920090647.7
041 0 |a slo 
044 |a SK 
245 1 0 |a Dvakrát meraj a raz rež  |c Martin Thomay 
520 |a Riziká a problémy návrhu dôchodkovej reformy. Náklady a poplatky v kapitalizačných systémoch. Priemerné ročné reálne výnosy akcií a štátnych dlhopisov na trhoch vyspelých krajín /1900-2000/. Priemerné ročné reálne výnosy akcií na významných trhoch /1950-1995/. Priemerný ročný rast reálnych miezd v niektorých krajinách EÚ. 
610 2 0 |a reformy dôchodkové 
610 2 0 |a dôchodky 
610 2 0 |a náklady 
610 2 0 |a výnosy 
610 2 0 |a odvody 
610 2 0 |a svet 
610 2 0 |a mzdy reálne 
610 2 0 |a Európska únia 
100 1 |a Thomay, Martin